Сплит | Дубровник (Запис номер 113372)
[ съкратено ]
| 000 -Лидер | |
|---|---|
| Контролно поле с фиксирана дължина | 02312nam a2200505 c 4500 |
| 003 - Код на организацията, давaща контролен номер | |
| Контролно поле | BLK |
| 005 - Дата и час на последна редакция | |
| Контролно поле | 20181029131137.0 |
| 008 - Елементи от данни с фиксирана дължина | |
| fixed length control field | 180409b bul|||||r ||||||| ||bul|| |
| 010 ## - Наследен системен номер | |
| LC control number | KNG00118773000 |
| 040 ## - Източник на каталожния запис | |
| Идентификатор на билиотеката - собственик на записа | BLK |
| 041 ## - Код за език | |
| Код за езика на текст/звукозапис или на отделно заглавие | Руски |
| Код за езика КДБФ | Руски |
| 072 #7 - Код за тематичната категория | |
| Код организация | bullib |
| Код за тематична категория | Н93 |
| Текст | Краезнание - отраслова литература Н |
| 080 ## - УДК | |
| Текстов определител УДК | Краезнание |
| УДК код - определител по УДК | 908 |
| УДК определител | (497.1-21)(026) |
| УДК - код + определител | 908(497.1-21)(026) |
| 080 ## - УДК | |
| Текстов определител УДК | История на архитектурата (Периоди и фази). Художествени стилове, направления и влияния(Подразделя се като 7. 03) |
| УДК код - определител по УДК | 72.03 |
| УДК определител | (497.1-21) |
| УДК - код + определител | 72.03(497.1-21) |
| 080 ## - УДК | |
| Текстов определител УДК | Паметници на културата на историческите периоди. Археологическите паметници. Старини |
| УДК код - определител по УДК | 904 |
| УДК определител | (497.1-21) |
| УДК - код + определител | 904(497.1-21) |
| 100 1# - Редна дума - Автор | |
| Автор | Комелова, Галина Николаевна |
| Авторска отговорност | първи автор |
| R(LIN) | 81720 |
| 139 ## - Редно поле | |
| Редна дума | Комелова, Галина Николаевна и др. |
| Авторски знак | Ком - К 80 |
| 245 10 - Сведения за заглавието | |
| Заглавие | Сплит |
| Редно поле (дума) | Галина Николаевна Комелова; съавт. Ирина Николаевна Уханова. |
| 245 10 - Сведения за заглавието | |
| Заглавие | Дубровник |
| 257 ## - Страна на издаване | |
| Страна на създаване/издаване | СССР |
| 260 ## - Област на издателските данни | |
| Име на издателя, разпространителя и проч. | Искусство |
| Година на издаване | 1976 |
| 300 ## - Физическа характеристика | |
| Страници | 208 с. |
| Илюстрации и др. | с ил. |
| Размери/Мащаб | 16 см |
| 380 ## - Жанр | |
| Жанр | История |
| 490 1# - СЕРИИ (Колекции) | |
| Име на серия | Города и музеи мира |
| 500 ## - Общи забележки | |
| Забележка | 50 000 тир. - Библиогр. с. 202-203. |
| 650 #4 - Допълнително описание по предмет – тема | |
| Основно описание – тема или топоним | Градове - Хърватия |
| 9 (RLIN) | 312869 |
| 650 #4 - Допълнително описание по предмет – тема | |
| Основно описание – тема или топоним | Паметници на културата - Хърватия |
| 9 (RLIN) | 312870 |
| 650 #4 - Допълнително описание по предмет – тема | |
| Основно описание – тема или топоним | Архитектурни паметници - Хърватия |
| 9 (RLIN) | 312871 |
| 651 #4 - Допълнително описание по предмет - топоним | |
| Географско понятие | Сплит |
| 9 (RLIN) | 179578 |
| 651 #4 - Допълнително описание по предмет - топоним | |
| Географско понятие | Дубровник |
| 9 (RLIN) | 178847 |
| 651 #4 - Допълнително описание по предмет - топоним | |
| Географско понятие | Хърватия |
| 9 (RLIN) | 179753 |
| 651 #4 - Допълнително описание по предмет - топоним | |
| Географско понятие | Югославия |
| 9 (RLIN) | 179822 |
| 653 ## - Ключова дума – ненормативна | |
| Ключова дума | градове |
| 653 ## - Ключова дума – ненормативна | |
| Ключова дума | старини |
| 653 ## - Ключова дума – ненормативна | |
| Ключова дума | архитектурни паметници |
| 653 ## - Ключова дума – ненормативна | |
| Ключова дума | паметници на културата |
| 653 ## - Ключова дума – ненормативна | |
| Ключова дума | пътеводители |
| 659 ## - Тематичен бюлетин | |
| Тематичен бюлетин | Н |
| 700 1# - Други автори (авторска отговорност) | |
| Лично име | Уханова, Ирина Николаевна |
| Автороска отговорност (Описва отношението между автора и произведението) | съавт. |
| 9 (RLIN) | 133275 |
| 852 ## - Местоположение | |
| Форматна сигнатура | Цб І 15651 |
| 856 4# - Електронен адрес и достъп | |
| Електронен формат | pdf - файл |
| 856 4# - Електронен адрес и достъп | |
| Електронен формат | pdf - файл |
| 999 ## - СИСТЕМНИ КОНТРОЛНИ НОМЕРА | |
| Koha biblionumber | 113372 |
| Koha biblioitemnumber | 113372 |
| 942 ## - АРТИКУЛИ | |
| Вид на библиотечния материал | Книги |
| Скрит в OPAC | Не |
| 944 ## - СЪЗДАВАНЕ И РЕДАКЦИЯ на ЗАПИСА | |
| Създаване/Редакция | Създаване |
| Дата на регистрацията/редакция | 18.06.2012 |
| Статус, дата на статуса | ф / |
| Служител, извършил регистрацията/редакцията | Людмила_Стоянова |
| 944 ## - СЪЗДАВАНЕ И РЕДАКЦИЯ на ЗАПИСА | |
| Създаване/Редакция | Редакция |
| Дата на регистрацията/редакция | 16.09.2013 |
| Статус, дата на статуса | ф / |
| 999 ## - СИСТЕМНИ КОНТРОЛНИ НОМЕРА | |
| Koha biblioitemnumber | 113372 |
| Код за отписване | Код за изгубен артикул | Източник на класификационната схема | Код за повреда | Коз за рестрикции | Код за отдаване | Артикулен № | Име на библиотеката - собственик | Име на библиотеката, в която се намира в момента | Статус (Текущо местоположение) | Дата на вписване в системата | Местоположение - отдел | Цена в лева | Инвентарен номер | Систематично азбучна сигнатура | Баркод | Номер на екземпляра | Цена в евро | Служебна бележка | Служебен тип на артикула |
|---|---|---|---|---|---|---|---|---|---|---|---|---|---|---|---|---|---|---|---|
| Не е изгубен | Universal Decimal Classification | Не е повреден | без рестрикции | ползва се в читалня | 181643 | Регионална библиотека "Любен Каравелов" Русе | Регионална библиотека "Любен Каравелов" Русе | Хранилище | 2012-06-18 | Основен фонд - ползва се само за читалня | 6.00 | 120000758373 | Цб І 40170 | 120000758373 | 1 | 3.07 | Дост: DA Вид: А N: 11 Дата: 18.06.2012 Дата инв: 31.03.2017 Бележки инв: Ч2017 | Книги |